Análisis de las transiciones entre la formalidad y la informalidad en el mercado de trabajo ecuatoriano (Registro nro. 34765)

Detalles MARC
000 -LEADER
fixed length control field 00389 a2200109 4500
001 - CONTROL NUMBER
control field ART_46688
005 - DATE AND TIME OF LATEST TRANSACTION
control field 20260410162040.0
008 - FIXED-LENGTH DATA ELEMENTS--GENERAL INFORMATION
fixed length control field 260409a
100 1# - MAIN ENTRY--PERSONAL NAME
Personal name Vega Nuñez, Adriana Patricia
245 10 - TITLE STATEMENT
Title Análisis de las transiciones entre la formalidad y la informalidad en el mercado de trabajo ecuatoriano
773 0# - HOST ITEM ENTRY
Title Revista Cepal
Related parts - Nº 123 (dic. 2017)
Record control number REV45125

No hay ítems disponibles.